Alle Gemeinden Österreichs mit "B" - Statistiken

Allgemein
  • Dieses Quiz wurde 21 mal gespielt
    20 seit der letzten Aktualisierung
  • Das Durchschnittsergebnis liegt bei 32 aus 118
Antwortstatistiken
Bundesland Einwohner Gemeinde % Korrekt
Niederösterreich 25.906 Baden
75%
Kärnten 1.726 Bad Kleinkirchheim
75%
Vorarlberg 14.645 Bludenz
75%
Vorarlberg 29.762 Bregenz
75%
Oberösterreich 5.375 Bad Hall
67%
Oberösterreich 14.126 Bad Ischl
67%
Niederösterreich 12.062 Bad Vöslau
67%
Niederösterreich 887 Berg
58%
Oberösterreich 17.228 Braunau am Inn
58%
Niederösterreich 8.037 Bruck an der Leitha
58%
Steiermark 15.837 Bruck an der Mur
58%
Salzburg 3.990 Bad Gastein
50%
Salzburg 6.888 Bad Hofgastein
50%
Steiermark 3.154 Bad Radkersburg
50%
Steiermark 3.809 Bad Waltersdorf
50%
Salzburg 5.425 Bergheim
50%
Kärnten 4.077 Bleiburg
50%
Vorarlberg 592 Buch
50%
Niederösterreich 170 Bürg-Vöstenhof
50%
Tirol 612 Bach
42%
Steiermark 4.862 Bad Aussee
42%
Niederösterreich 3.426 Bad Fischau-Brunn
42%
Oberösterreich 7.567 Bad Goisern am Hallstättersee
42%
Oberösterreich 4.245 Bad Leonfelden
42%
Oberösterreich 4.219 Bad Schallerbach
42%
Burgenland 1.588 Bad Tatzmannsdorf
42%
Burgenland 873 Baumgarten
42%
Niederösterreich 9.063 Berndorf
42%
Niederösterreich 1.585 Bernhardsthal
42%
Salzburg 10.574 Bischofshofen
42%
Niederösterreich 1.841 Blumau-Neurißhof
42%
Niederösterreich 5.059 Böheimkirchen
42%
Burgenland 3.124 Bruckneudorf
42%
Oberösterreich 2.717 Burgkirchen
42%
Niederösterreich 3.108 Bad Erlach
33%
Steiermark 5.303 Bad Gleichenberg
33%
Oberösterreich 2.225 Bad Kreuzen
33%
Steiermark 1.871 Bad Loipersdorf
33%
Steiermark 4.941 Bad Mitterndorf
33%
Tirol 564 Berwang
33%
Niederösterreich 4.769 Bisamberg
33%
Vorarlberg 733 Brand
33%
Niederösterreich 5.873 Breitenfurt bei Wien
33%
Kärnten 2.725 Brückl
33%
Steiermark 1.058 Burgau
33%
Oberösterreich 721 Bachmanning
25%
Kärnten 2.242 Bad Bleiberg
25%
Tirol 2.774 Bad Häring
25%
Niederösterreich 1.669 Bad Pirawarth
25%
Burgenland 2.226 Bad Sauerbrunn
25%
Niederösterreich 730 Bad Schönau
25%
Kärnten 4.377 Bad St. Leonhard im Lavanttal
25%
Oberösterreich 2.913 Bad Zell
25%
Steiermark 5.631 Bärnbach
25%
Tirol 781 Bichlbach
25%
Niederösterreich 3.116 Biedermannsdorf
25%
Niederösterreich 322 Breitenstein
25%
Niederösterreich 11.924 Brunn am Gebirge
25%
Niederösterreich 343 Buchbach
25%
Salzburg 4.918 Bürmoos
25%
Niederösterreich 1.772 Bad Deutsch-Altenburg
17%
Burgenland 292 Badersdorf
17%
Niederösterreich 1.020 Bad Traunstein
17%
Salzburg 2.073 Bad Vigaun
17%
Kärnten 1.896 Baldramsdorf
17%
Niederösterreich 355 Bärnkopf
17%
Oberösterreich 1.720 Baumgartenberg
17%
Niederösterreich 3.419 Behamberg
17%
Salzburg 1.713 Berndorf bei Salzburg
17%
Burgenland 2.109 Bernstein
17%
Niederösterreich 2.243 Biberbach
17%
Tirol 612 Biberwier
17%
Burgenland 336 Bildein
17%
Steiermark 4.969 Birkfeld
17%
Niederösterreich 2.735 Blindenmarkt
17%
Niederösterreich 1.330 Bockfließ
17%
Salzburg 3.938 Bramberg am Wildkogel
17%
Niederösterreich 1.228 Brand-Laaben
17%
Niederösterreich 1.582 Breitenau
17%
Tirol 3.497 Breitenbach am Inn
17%
Burgenland 1.910 Breitenbrunn am Neusiedler See
17%
Tirol 2.639 Brixen im Thale
17%
Tirol 3.023 Brixlegg
17%
Oberösterreich 2.073 Brunnenthal
17%
Oberösterreich 4.065 Buchkirchen
17%
Burgenland 1.339 Burgauberg-Neudauberg
17%
Steiermark 1.631 Bad Blumau
8%
Niederösterreich 1.318 Bad Großpertholz
8%
Steiermark 4.571 Bad Schwanberg
8%
Oberösterreich 2.566 Bad Wimsbach-Neydharting
8%
Tirol 1.278 Baumkirchen
8%
Niederösterreich 1.933 Bergland
8%
Vorarlberg 2.020 Bezau
8%
Vorarlberg 777 Bildstein
8%
Tirol 1.459 Birgitz
8%
Niederösterreich 1.197 Bischofstetten
8%
Vorarlberg 1.117 Bizau
8%
Vorarlberg 337 Blons
8%
Vorarlberg 2.371 Bludesch
8%
Burgenland 801 Bocksdorf
8%
Tirol 361 Brandberg
8%
Tirol 1.520 Brandenberg
8%
Niederösterreich 1.526 Brand-Nagelberg
8%
Steiermark 1.680 Breitenau am Hochlantsch
8%
Tirol 1.464 Breitenwang
8%
Niederösterreich 1.215 Bromberg
8%
Tirol 1.124 Bruck am Ziller
8%
Salzburg 4.771 Bruck an der Großglocknerstraße
8%
Niederösterreich 829 Brunn an der Wild
8%
Steiermark 2.172 Buch-St. Magdalena
8%
Niederösterreich 1.340 Burgschleinitz-Kühnring
8%
Vorarlberg 3.281 Bürs
8%
Vorarlberg 558 Bürserberg
8%
Vorarlberg 2.383 Bartholomäberg
0%
Niederösterreich 1.256 Bergern im Dunkelsteinerwald
0%
Oberösterreich 1.059 Berg im Attergau
0%
Kärnten 1.279 Berg im Drautal
0%
Tirol 2.606 Buch in Tirol
0%
Keine übereinstimmenden Quizze gefunden
Verteilung der Resultate
Anzahl Personen mit jedem Resultat
Perzentil nach korrekt beantworteten Fragen
Ihre Resultats-Entwicklung
Sie haben dieses Quiz seit der letzten Aktualisierung nicht gespielt